000 00413nam a2200157Ia 4500
008 240729s9999 xx 000 0 und d
022 _a1558-5263
245 0 _aFocaal
260 _aUnited States
260 _bBerghahn Books
650 _a Anthropology
650 _aGeography. Anthropology. Recreation
856 _uhttps://doaj.org/toc/8e27cb79412e4af0a25f69a8ed3e80f3
942 _2ddc
942 _cDOAJEJ
999 _c68132
_d68132
945 _a1
_bMadushi Gamage
_c1
_dMadushi Gamage